Multi continent countries - Statistics

General Stats
  • This quiz has been taken 24 times
  • The average score is 10 of 15
Answer Stats
Hint Answer % Correct
Are uk United kingdom
100%
Glance france France
95%
(S) PAIIN Spain
91%
1nd0n3s14 Indonesia
86%
HUGA Russia
86%
The ENDERlands The Netherlands
82%
Linker of the Americas Panama
77%
Stan Kazakhstan
73%
Arm Armenia
59%
Cubic Egypt
59%
Name but Ia not e Georgia
55%
Aysia Malaysia
45%
Pore Singapore
36%
Two parts Brunei
18%
PNG Papua new ginuea
5%
No matching quizzes found
Score Distribution
Percent of People with Each Score
Percentile by Number Answered
Your Score History
You have not taken this quiz